Normal view
MARC view
- Abdel Rahman,mohamad
Entry Personal Name
001 - CONTROL NUMBER
- control field: 2755
003 - CONTROL NUMBER IDENTIFIER
- control field: JO-AjAnu
005 - DATE AND TIME OF LATEST TRANSACTION
- control field: 20230606070744.0
008 - FIXED-LENGTH DATA ELEMENTS
- fixed length control field: 230606|| aca||aabn | a|a d
040 ## - CATALOGING SOURCE
- Original cataloging agency: JO-AjAnu
- Transcribing agency: JO-AjAnu
100 ## - HEADING--PERSONAL NAME
- Personal name: Abdel Rahman,mohamad
670 ## - SOURCE DATA FOUND
- Source citation: Work cat.: (JO-AjAnu)1442: Abdel Rahman,mohamad, author, BASIC OF BIOSTATISTICS